Statistics for analogiez

Click here to take the quiz!

General Stats

  • This quiz has been taken 11 times
  • The average score is 11 of 20

Answer Stats

This is to this …As …% Correct
Ride is to Bike{drive} is to Car
100%
H is to Hydrogen{I} is to Iodine
100%
Uranus is to NeptuneVenus is to {Earth}
100%
Bill Gates is to MicrosoftSteve Jobs is to {Apple}
91%
Zeus is to GreeceJupiter is to {Rome}
82%
Booth is to LincolnOswald is to {Kennedy}
82%
Vermeer is to Girl with a Pearl EarringDaVinci is to {Mona Lisa}
73%
"You must be the change you wish to
see in the world" is to Gandi
"{Let} {them} {eat} {cake}"
is to Antoinette
73%
Sultan is to Ottoman Empire{Tsar} is to Russia
73%
John Lennon is to The Beatles{Harry Styles} is to One Direction
64%
Judaism is to IsraelBuddism is to {India}
55%
Gang is to GorillaGaggle is to {goose}
45%
1840 is to The Treaty of Waitangi1919 is to {Treaty of Versailles}
36%
Tehran is to Iraq{Abu Dhabi} is to the UAE
36%
Sacremento is to California{New York} is to New York
36%
Artificial is to Natural{Bore} is to Amuse
27%
Marx is to CommunismProudhon is to {Anarchism}
9%
Spanish is to HsinapsFrench is to {chnerf}
0%
Bush is to Clinton{Jacinda Ardern} is to Bill English
0%
The United States is to ColumbusNew Zealand is to {Abel Tasman}
0%

Score Distribution

Percentile by Number Answered

Percent of People with Each Score

Your Score History

You have not taken this quiz